Teoria y problemas de desarrollo economico / Dominick Salvatore (Registro nro. 19779)

Detalles MARC
000 -LÍDER
fixed length control field 00443nam a2200157 4500
008 - ELEMENTOS DE LONGITUD FIJA -- INFORMACIÓN GENERAL
fixed length control field 0 1977 0an 000 0Mex
020 ## - NÚMERO INTERNACIONAL NORMALIZADO PARA LIBROS
ISBN 968-451-196-5
050 ## - SIGNATURA TOPOGRAFICA DE LA BIBLIOTECA DEL CONGRESO (LC)
Número de Clasificación HD75 S318
082 ## - NUMERO DE CLASIFICACION DECIMAL DEWEY
Número de Clasificación 339.5 S719t
100 ## - ASIENTO PRINCIPAL--NOMBRE PERSONAL
Nombre personal Salvatore Dominick
245 ## - TÍTULO
Título Teoria y problemas de desarrollo economico / Dominick Salvatore
250 ## - MENCIÓN DE EDICIÓN
Mención de edición reimp 1979
260 ## - PUBLICACIÓN, DISTRIBUCIÓN, ETC. (PIE DE IMPRENTA)
Lugar de publicación, distribución, etc. Mexico: McGraw-Hill
300 ## - DESCRIPCIÓN FÍSICA
Extensión 240p, 28cm
650 ## - ASIENTO SECUNDARIO DE MATERIA - TERMINO TEMÁTICO
Término temático o nombre geográfico como elemento de entrada 1. DESARROLLO ECONOMICO
Existencias
No. biblioteca No. biblioteca Número de clasificación Código de barras/Número de adquisición Número de copia Tipo de material
LUIS G. INCLAN LUIS G. INCLAN 339.5 S719t 1901 1 Libros
LUIS G. INCLAN LUIS G. INCLAN 339.5 S719t 1902 2 Libros
LUIS G. INCLAN LUIS G. INCLAN 339.5 S719t 1903 3 Libros
LUIS G. INCLAN LUIS G. INCLAN 339.5 S719t 1904 4 Libros
LUIS G. INCLAN LUIS G. INCLAN 339.5 S719t 1905 5 Libros
LUIS G. INCLAN LUIS G. INCLAN 339.5 S719t 1663 23 Libros
LUIS G. INCLAN LUIS G. INCLAN 339.5 S719t 9144 3 Libros
Calzada Tecnológico # 27, Zacatepec, Morelos.
01(734) 343-07-23 / 343-21-10 / 343-21-11
Apdo. Postal 45 C.P 62780